000 00274nam a2200109Ia 4500
001 1276040
005 20260417160439.0
008 260417s9999 xx 000 0 und d
020 _a9786255888303
245 0 _aBekle Beni Peynir Dağı
_cEric Zhang
260 _bKetebe Çocuk
999 _c1276040
_d1276040